| 000 | 00756nam a2200193Ia 4500 | ||
|---|---|---|---|
| 003 | GCL | ||
| 008 | 140319s9999 xx 000 0 ara d | ||
| 040 |
_aGCL / _cGCL |
||
| 082 | 0 | 4 |
_aط _b813.02 _bأ ق |
| 100 | 1 | _aابراهيم عزوز | |
| 245 | 1 | 0 |
_aقصص من كليلة ودمنة - الشغبر الناسك - محاكمة دمنة - ايلاذ وبلاذ وايراخت - الاسد والثور - الحمامة المطوقة - العلجوم والسلطان / _cابراهيم عزوز |
| 260 |
_aالقاهرة : _bدار مصر للطباعة ، _c1991 |
||
| 490 |
_aتان تان _v0 |
||
| 650 | 0 | 4 | _aالقصص القصيرة |
| 650 | 0 | 4 | _aالاطفال |
| 650 | 0 | 4 | _aالقصص |
| 650 | 0 | 4 | _aقصص الاطفال |
| 942 |
_2ddc _cBK |
||
| 999 |
_c58152 _d58152 |
||